Welcome to UE Central Library

Keep Smiling

Hatha Yoga Pradipika (Record no. 25976)

MARC details
000 -LEADER
fixed length control field 00570nam a22001937a 4500
005 - DATE AND TIME OF LATEST TRANSACTION
control field 20260409105446.0
008 - FIXED-LENGTH DATA ELEMENTS--GENERAL INFORMATION
fixed length control field 260409b |||||||| |||| 00| 0 eng d
020 ## - INTERNATIONAL STANDARD BOOK NUMBER
International Standard Book Number 9781855382466 (pbk)
040 ## - CATALOGING SOURCE
Transcribing agency UE-CL
082 ## - DEWEY DECIMAL CLASSIFICATION NUMBER
Classification number 181.45
Item number Sv17
100 ## - MAIN ENTRY--PERSONAL NAME
Personal name Svatmarama Yoga Swami
245 ## - TITLE STATEMENT
Title Hatha Yoga Pradipika
Remainder of title / Yoga Swami Svatmarama
260 ## - PUBLICATION, DISTRIBUTION, ETC. (IMPRINT)
Place of publication, distribution, etc London:
Name of publisher, distributor, etc Aquarian Thorsons,
Date of publication, distribution, etc 1992.
300 ## - PHYSICAL DESCRIPTION
Extent 203 p.
546 ## - LANGUAGE NOTE
Language note English
650 ## - SUBJECT ADDED ENTRY--TOPICAL TERM
Topical term or geographic name as entry element Hatha--Yoga
942 ## - ADDED ENTRY ELEMENTS (KOHA)
Koha item type Books
505 ## - FORMATTED CONTENTS NOTE
Formatted contents note 1. The fundamental Principles<br/>2. The River of life<br/>3. Activw Yoga<br/>4. Passive Yoga
Holdings
Withdrawn status Damaged status Not for loan Home library Current library Date acquired Full call number Barcode Date last seen Price effective from Koha item type
      UE-Central Library UE-Central Library 09.04.2026 181.45 Sv17 T6035D 09.04.2026 09.04.2026 Books
Copyright © 2023, University of Education, Lahore. All Rights Reserved.
Email:centrallibrary@ue.edu.pk